| 000 -ლიდერი |
| ფიქსირებული სიგრძის საკონტროლო ველი |
01279nam a2200277Ia 4500 |
| 001 - საკონტროლო ნომერი |
| საკონტროლო ველი |
20072 |
| 003 - საკონტროლო ნომრის იდენტიფიკატორი |
| საკონტროლო ველი |
GE_BSU |
| 005 - ბოლო ოპერაციის თარიღი და დრო |
| საკონტროლო ველი |
20220223112908.0 |
| 008 - ფიქსირებული სიგრძის მონაცემთა ელემენტები - ზოგადი ინფორმაცია |
| ფიქსირებული სიგრძის საკონტროლო ველი |
181216s2008||||ge |||||||||||||| ||geo|| |
| 020 ## - წიგნის საერთაშორისო სტანდარტული ნომერი |
| International Standard Book Number |
9994025473 |
| 040 ## - კატალოგიზაციის წყარო |
| Transcribing agency |
GE_BSU |
| 041 ## - ენის კოდი |
| Language code of text/sound track or separate title |
geo |
| 080 ## - უნივერსალური ათობითი კლასიფიკაციის ინდექსი |
| Universal Decimal Classification number |
512 + 511.2 დ-43 |
| 100 ## - მთავარი ჩანაწერი - პიროვნების სახელი |
| Personal name |
დიასამიძე, იაშა |
| 9 (RLIN) |
4093 |
| 245 ## - ცნობა სათაურის შესახებ |
| Title |
ალგებრა და რიცხვთა თეორია : |
| Remainder of title |
საფაკულტეტო სწავლებისათვის. ნაწ. 1/ |
| Statement of responsibility, etc |
იაშა დიასამიძე; რედ. ალ. ლაშხი., გ.ჩაცანიძე. |
| 264 ## - წარმოების, გამოცემის, დისტრიბუციის და სხვა ცნობები |
| გამოცემის, წარმოების, დისტრიბუციის... ადგილი |
ბათუმი : |
| გამოცემის, წარმოების, დისტრიბუციის... სახელწოდება |
შოთა რუსთაველის სახელმწ. უნივერსიტეტი, |
| გამოცემის, წარმოების, დისტრიბუციის... თარიღი |
2008. |
| 300 ## - ფიზიკური აღწერა |
| Extent |
216 გვ.; |
| Other physical details |
21 სმ. |
| 501 ## - შენიშვნა თანმხლებ მასალაზე |
| With note |
საგნ. საძ.: გვ. 212-214. |
| 504 ## - BIBLIOGRAPHY, ETC. NOTE |
| Bibliography, etc |
ბიბლიოგრ.: გვ. 206. |
| 653 ## - INDEX TERM--UNCONTROLLED |
| Uncontrolled term |
ალგებრა. რიცხვთა თეორია |
| 653 ## - INDEX TERM--UNCONTROLLED |
| Uncontrolled term |
მათემატიკა |
| 700 ## - ADDED ENTRY--PERSONAL NAME |
| Personal name |
ლაშხი, ალ. |
| Relator term |
რედაქტორი |
| 9 (RLIN) |
13560 |
| 700 ## - ADDED ENTRY--PERSONAL NAME |
| Personal name |
ჩაცანიძე, გ. |
| Relator term |
რედაქტორი |
| 9 (RLIN) |
13561 |
| 942 ## - ADDED ENTRY ELEMENTS (KOHA) |
| Koha item type |
წიგნი |
| Source of classification or shelving scheme |
|